Catálogo
 En Linea

Paz para vietnam : (Registro nro. 39660)

Detalles MARC
000 -CABECERA
campo de control de longitud fija 00623nam a2200157 a 4500
001 - NÚMERO DE CONTROL
campo de control 000040170
005 - FECHA Y HORA DE LA ÚLTIMA TRANSACCIÓN
campo de control 20201002033947.0
008 - DATOS DE LONGITUD FIJA--INFORMACIÓN GENERAL
campo de control de longitud fija 130812s1966 mx 000 0 spa d
040 ## - FUENTE DE LA CATALOGACIÓN
Centro catalogador/agencia de origen DO-SdBNP
Lengua de catalogación spa
Centro/agencia transcriptor BNPHU
245 00 - MENCIÓN DE TÍTULO
Título Paz para vietnam :
Resto del título una nueva aproximación al Sudeste asiático /
Mención de responsabilidad, etc. (informe elaborado por American Friends Service Committee) ; versión al español de Angel González Vega.
260 ## - PUBLICACIÓN, DISTRIBUCIÓN, ETC.
Lugar de publicación, distribución, etc. México :
Nombre del editor, distribuidor, etc. Editorial Grijalbo,
Fecha de publicación, distribución, etc. 1966.
300 ## - DESCRIPCIÓN FÍSICA
Extensión 189 p. ;
Dimensiones 21 cm.
500 ## - NOTA GENERAL
Nota general Precede al tìtulo: American Friends Service Committee
546 ## - NOTA DE LENGUA/LENGUAJE
Nota de lengua/lenguaje Peace in Vietnam
700 1# - PUNTO DE ACCESO ADICIONAL--NOMBRE DE PERSONA
Nombre de persona González Vega, Angel
9 (RLIN) 66443
Existencias
Estado de retiro Estado de pérdida Restricciones de uso No para préstamo Código de colección Localización permanente Ubicación/localización actual Ubicación en estantería Fecha de adquisición Número de inventario Total de préstamos Signatura topográfica completa Código de barras Fecha visto por última vez Precio válido a partir de Tipo de ítem Koha Nota pública
      Excluido de préstamo Monografías: Libros y Folletos General General En catalogación 12.08.2013 LF1   40170-10 25.06.2020 25.06.2020 No se presta Perteneció a la biblioteca personal de Germán Emilio Ornes

Con tecnología Koha